| 000 | 01151nam a2200229Ia 4500 | ||
|---|---|---|---|
| 001 | 10595 | ||
| 003 | GE_BSU | ||
| 008 | 181216s||||||||xx |||||||||||||| ||und|| | ||
| 020 | _a9994041096 | ||
| 040 | _cGE_BSU | ||
| 080 | _a659.4+316.772.4+17.002.1 | ||
| 245 | _aსაზოგადოებასთან ურთიერთობის სამაგიდო ენციკლოპედია=Public Relations. | ||
| 245 | _cპროექტის ავტ.ხელმძვ და გამოც. მთ.რედ:ელგუჯა მარღია;მოწვეული რედ:მარიკა დარჩია,რევაზ სულგულაძე,ვანო ჭიაურელი და სხვ. | ||
| 260 | _aთბილისი | ||
| 260 | _bცოტნე | ||
| 260 | _c2006. | ||
| 300 | _a293გვ;29სმ. | ||
| 300 | _eილუსტრ.ბიბლიოგრ.გვ:293. | ||
| 541 | _h29ლ. | ||
| 653 | _aსაზოგადოებასთან ურთიერთობის სამაგიდო ენციკლოპედია=Public Relations | ||
| 942 | _cBK | ||
| 999 |
_c43847 _d43847 |
||